[Event "Chessable Masters by chess24-B"]
[Site "Online"]
[Date "2020.06.19"]
[Round "7.2"]
[White "Vachier-Lagrave, Maxime"]
[Black "Radjabov, Teimour"]
[Result "0-1"]
[WhiteElo "2860"]
[BlackElo "2758"]
[Annotator "TA"]
[PlyCount "104"]
[EventDate "2020.06.20"]
[EventType "tourn"]
[SourceTitle "playchess.com"]
[Source "ChessBase"]
[SourceQuality "1"]

{[%evp 15,104,0,0,0,0,0,0,0,30,10,12,14,129,108,129,132,96,103,104,119,130,119,137,137,137,80,68,44,53,41,47,37,31,39,35,36,41,0,0,-33,-35,-29,-42,-39,-20,-35,-41,-66,-29,-39,-24,-21,-20,-20,-31,-93,-89,-84,-85,-96,-82,-88,-90,-89,-85,-93,-90,-88,-90,-133,-110,-140,-143,-143,-135,-344,-348,-337,-327,-488,-479,-497,-527,-510,-491,-557,-541,-650,-640,-581,-568]} 1. Nf3 Nf6 2. c4 g6 3. Nc3 Bg7 4. g3 c6 5. d4 d5 6. Qb3 O-O 7. Bg2 Qb6 8. O-O Rd8 9. Bd2 {Nowadays more popular than 9.Rd1. D78: Fianchetto Grünfeld: 6 0-0 c6.} dxc4 10. Qxc4 Be6 11. Qa4 {The position is equal.} Na6 {[%cal Bb8a6,Ba6b4,Bb4d3][%mdl 32]} 12. e4 Bg4 13. Be3 {[#]} Qxb2 $146 (13... Ne8 $11) ({Predecessor:} 13... Qb4 14. Qc2 Rac8 15. a3 Qa5 16. h3 Be6 17. b4 Qc7 18. Rfd1 h6 19. Rac1 Qd7 {0-1 (58) Galliamova,A (2432)-Lei,T (2457) Khanty-Mansiysk 2018}) 14. Rfc1 $1 $16 Qb4 15. Qxb4 $1 Nxb4 {[#]} 16. Rab1 $1 {[%cal Rb1b4]} c5 17. dxc5 Nd3 18. Rd1 Bxf3 19. Bxf3 Ne5 {[#]} 20. Be2 ({Better is} 20. Rxd8+ $1 Rxd8 21. Be2) 20... Rxd1+ 21. Rxd1 {Hoping for f4.} Nc6 22. Rb1 Rb8 23. Bb5 Nd7 24. Nd5 e6 25. Nb4 Nde5 26. Ba4 Na5 27. Rd1 Nac4 {And now ...Nb2 would win.} 28. Bc1 Bf8 29. c6 {aiming for c7.} Kg7 $36 {[%mdl 2048] Black is pushing.} ({But not} 29... Bxb4 $2 30. c7 $18) 30. Nd3 {Threatens to win with Nxe5.} Nxc6 31. Bb5 N6a5 32. Nb2 $1 {[%cal Rb2c4]} Nb6 33. Bd2 Nc6 34. Bc3+ Kg8 35. Na4 (35. a4 $15) 35... Nxa4 $17 36. Bxa4 b5 37. Bc2 Bg7 38. Bd2 Nd4 39. Bd3 Nf3+ 40. Kg2 Nxd2 41. Rxd2 {[%mdl 4096] Endgame KRB-KRB} a5 {[%cal Ba7a5,Ba5a4,Ba4b3,Bb3b2][%mdl 32]} 42. Rc2 a4 43. Rc5 b4 44. Ra5 Rd8 45. Ba6 $2 {Now White is beyond hope.} (45. Bc2 $17) 45... b3 $19 46. axb3 axb3 47. Rb5 (47. Be2 {might work better.}) 47... b2 {Black is clearly winning.} 48. Rb3 {[#]} Bc3 $1 {[%mdl 512]} 49. Be2 (49. Rxc3 b1=Q) 49... Rd2 50. Kf1 Bd4 51. f4 Rc2 52. Bd3 Rxh2 {Accuracy: White = 68%, Black = 88%.} 0-1

[Event "Chessable Masters by chess24-B"]
[Site "Online"]
[Date "2020.06.19"]
[Round "7.3"]
[White "Nepomniachtchi, Ian"]
[Black "Caruana, Fabiano"]
[Result "1-0"]
[WhiteElo "2778"]
[BlackElo "2773"]
[Annotator "TA"]
[PlyCount "75"]
[EventDate "2020.06.20"]
[EventType "tourn"]
[SourceTitle "playchess.com"]
[Source "ChessBase"]
[SourceQuality "1"]

{[%evp 16,75,24,25,26,-22,-24,-17,-13,-21,162,162,190,177,192,175,164,170,167,191,173,186,181,147,164,160,160,179,158,156,247,236,287,216,178,139,150,100,104,112,92,11,100,100,113,0,174,153,162,85,87,78,239,85,135,124,664,649,670,642,29993,29990]} 1. e4 e5 2. Nf3 Nc6 3. Bb5 a6 4. Ba4 Nf6 5. O-O Bc5 6. c3 O-O 7. d4 Bb6 8. Bg5 h6 9. Bh4 d6 $1 {[#] C65: Ruy Lopez: Berlin Defence (3...Nf6), unusual lines and 4 0-0 Bc5.} 10. h3 $5 $146 {[%mdl 8] New and interesting.} ({Predecessor:} 10. Qd3 Ne7 11. Nbd2 Ng6 12. Bg3 Nh5 13. Nc4 Ba7 14. Bb3 b5 15. Ne3 Nhf4 16. Qd2 Bb7 17. d5 {0-1 (40) Grabarczyk,B (2441)-Macieja,B (2629) Opole 2007}) 10... g5 11. Nxg5 hxg5 {The position is equal.} 12. Bxg5 Kh7 $2 (12... Kg7 $11) 13. Bxc6 $1 $18 Rg8 14. f4 $1 {Black must now prevent Qe1.} ({Inferior is} 14. Bxf6 Qxf6 15. Qh5+ Qh6 $15) 14... bxc6 15. Qe1 Rxg5 16. fxg5 $40 {[%mdl 128] White is out for blood.} Ng8 17. Rxf7+ ({Weaker is} 17. Qh4+ Kg7 $11) 17... Kg6 18. Rf3 $1 exd4 19. Kh1 Qe7 20. Nd2 dxc3 21. bxc3 Be6 22. Qh4 {Hoping for Raf1.} Qh7 (22... Rf8 $16 {is a better defense.} 23. Rxf8 Qxf8) 23. Qg3 Qh5 24. Qf4 Kg7 25. Raf1 Re8 26. Qg3 ({But not} 26. g4 Qh4 $11) 26... Ne7 27. Rf6 Ng6 28. Nf3 (28. e5 $1 $16) 28... Bc4 (28... Bxa2 $11 {remains equal.} 29. Re1 Bc5) 29. Re1 $16 Bxa2 30. Nd4 (30. c4 $16 {Nh4! is the strong threat.} Bb3 31. Rb1) 30... Bxd4 $2 (30... Re5 $11 {and Black is okay.}) 31. cxd4 $18 Bg8 {[#]} 32. e5 (32. Kh2 $1 $18) 32... Bd5 $16 33. Kh2 a5 $2 {[#]} (33... c5 $16 {was worth a try.}) 34. Re3 $2 (34. e6 $1 $18) 34... dxe5 35. dxe5 {[%cal Bd4e5,Be5e6][%mdl 32] aiming for e6.} Qd1 $2 {[%mdl 8192]} (35... Re6 $16 36. Ra3 Qe2) 36. e6 $18 Re7 37. Qf2 {Threatening mate with Rxg6+!} Nh8 38. Rh6 {Accuracy: White = 57%, Black = 58%.} 1-0

[Event "Chessable Masters by chess24-B"]
[Site "Online"]
[Date "2020.06.19"]
[Round "8.1"]
[White "Ding, Liren"]
[Black "Nepomniachtchi, Ian"]
[Result "1-0"]
[WhiteElo "2836"]
[BlackElo "2778"]
[Annotator "TA"]
[PlyCount "95"]
[EventDate "2020.06.20"]
[EventType "tourn"]
[SourceTitle "playchess.com"]
[Source "ChessBase"]
[SourceQuality "1"]

{[%evp 9,95,20,34,30,19,19,19,19,19,13,24,16,29,8,10,15,16,25,26,21,65,66,59,58,111,58,57,58,43,58,55,8,103,124,139,112,108,120,109,102,114,71,258,243,390,183,177,168,318,322,308,313,297,295,284,272,464,464,576,573,584,579,573,556,729,724,702,717,1543,1532,1266,1267,12839,12839,12840,12839,12834,1555,12848,12848,12850,12850,12851,29984,12851,29985,12851,27999]} 1. d4 Nf6 2. c4 g6 3. Nf3 Bg7 4. e3 O-O 5. Be2 c5 6. d5 {E60: King's Indian: Unusual lines and Fianchetto Variation without Nc3.} e6 7. Nc3 exd5 8. cxd5 {The position is equal.} d6 9. Nd2 Na6 {[%cal Bb8a6,Ba6c7,Bc7b5,Bb5c3][%mdl 32]} 10. O-O Nc7 11. e4 Rb8 12. a4 Re8 13. f3 a6 14. a5 Bd7 15. Nc4 {[#]} Nb5 $146 ({Predecessor:} 15... Bb5 16. Bg5 Bxc4 17. Bxc4 b5 18. axb6 Rxb6 19. Na4 Rb4 20. b3 Qc8 21. Bf4 Qd7 {½-½ (36) Caruana,F (2784)-Grischuk,A (2767) Berlin 2018}) 16. Bg5 Qc7 (16... Nxc3 $14 17. bxc3 Bb5) 17. Bf4 ({White should try} 17. Nb6 $16) 17... Rbd8 $14 18. g4 Nxc3 19. bxc3 Bb5 20. Ne3 (20. Ra2 {is interesting.} Qe7 21. Qd2 h5 22. g5 Nh7 23. Rf2) 20... Nxe4 (20... c4 $11 {remains equal.}) 21. fxe4 $16 Bxc3 22. Rc1 Qxa5 23. Bxb5 axb5 24. Qf3 $36 {[%mdl 2048] White is in control.} Bd4 25. Kh1 Qa4 $2 {[#] This move loses the game for Black.} (25... Qa3 $16) 26. Bxd6 $1 $18 {[%mdl 512]} f5 (26... f6 {was necessary.}) (26... Rxd6 27. Qxf7+) 27. Bxc5 (27. gxf5 $142 Rxd6 28. fxg6) 27... Bxc5 28. Rxc5 Qd4 (28... Qxe4 $142 29. Qxe4 (29. gxf5 Qxe3 30. Rxb5 Rd7 $11) (29. Rxb5 Qd3 $11) 29... Rxe4) 29. Rxb5 Qxe4 30. Rb3 ({Not} 30. gxf5 Qxe3 31. fxg6 (31. Rxb7 Qxf3+ 32. Rxf3 Rxd5 $11) 31... Qxf3+ 32. Rxf3 hxg6 $11) 30... f4 31. Qxe4 Rxe4 32. Nd1 Rd7 $2 (32... Rxd5 33. Rxb7 Red4) 33. Rd3 g5 34. Nc3 Re5 35. Rb1 Kg7 36. Kg2 h5 37. h3 hxg4 38. hxg4 Rde7 39. d6 Rd7 40. Rb5 Kf6 41. Rxe5 Kxe5 {[%mdl 4096] Endgame KRN-KR} 42. Rd5+ Ke6 43. Rxg5 (43. Kf3 $142 Rxd6 44. Rxd6+ Kxd6 45. Ne4+ {[%mdl 64] Double Attack} Kd5 46. Nxg5) 43... Rxd6 44. Rg6+ Ke5 45. Rxd6 {[#] Intending Nb5 and mate.} Kxd6 46. Kf3 Ke5 47. Nb5 b6 48. Na7 {Accuracy: White = 76%, Black = 46%.} (48. Na3 $18 Ke6 49. Kxf4) 1-0

[Event "Chessable Masters by chess24-B"]
[Site "Online"]
[Date "2020.06.19"]
[Round "8.2"]
[White "Caruana, Fabiano"]
[Black "Vachier-Lagrave, Maxime"]
[Result "1-0"]
[WhiteElo "2773"]
[BlackElo "2860"]
[Annotator "TA"]
[PlyCount "85"]
[EventDate "2020.06.20"]
[EventType "tourn"]
[SourceTitle "playchess.com"]
[Source "ChessBase"]
[SourceQuality "1"]

{[%evp 9,85,0,0,0,3,-5,0,1,5,4,8,1,7,0,22,0,29,27,14,28,47,45,45,47,55,33,38,28,30,28,30,34,37,36,31,45,31,11,19,10,8,0,22,35,8,5,4,6,2,7,8,3,32,16,33,33,19,33,32,32,33,32,34,33,33,33,183,176,361,353,728,730,29939,29937,12842,12839,12837,11252]} 1. d4 d5 2. c4 c6 3. cxd5 cxd5 4. Bg5 Nc6 5. Nc3 f6 6. Bd2 {D10: Slav Defence: 3 cxd5 (without early Nf3) and 3 Nc3.} e5 7. e4 dxe4 8. dxe5 {The position is equal.} fxe5 9. Bc4 Nf6 10. Nge2 {[#]} Bc5 $146 ({Predecessor:} 10... a6 11. a3 Nd4 12. h3 Be7 13. Ba2 Rf8 14. Rc1 Bd7 15. O-O Bc6 16. Be3 Nf5 {½-½ (49) Gonzaga Grego,L (2401)-Homont,R (2360) ICCF email 2018}) 11. O-O Bg4 12. h3 Bh5 (12... Bxe2 $5 13. Nxe2 (13. Qxe2 Nd4 $11) 13... Qd6 $11) 13. Rc1 Qd7 14. Bg5 Nd4 15. Bxf6 gxf6 16. Nxe4 {[%mdl 64] Double Attack} Be7 17. N4g3 Nxe2+ $1 18. Bxe2 Qxd1 $1 19. Bxd1 Bxd1 20. Rfxd1 {Strongly threatening Rc7.} Rd8 21. Nf5 Rxd1+ 22. Rxd1 $14 {[%mdl 4096] Endgame KRB-KRN} Bf8 23. g3 h5 24. Kg2 Rh7 25. Rc1 Kd7 26. Kf3 Ke6 27. g4 hxg4+ 28. hxg4 Rd7 29. Rc8 Kf7 30. Ke2 b6 31. f3 Bc5 32. Ng3 Be7 33. Ne4 Ke6 34. Rc6+ Kf7 35. b3 Kg7 36. a3 Kf7 37. b4 Rd4 {Now Black is done in.} (37... Bd8 $14) 38. Rc7 $18 a5 $2 (38... Ke6) 39. Ng3 $1 {[%cal Rg3f5]} Ke8 $2 {[#]} (39... Rd6 40. Nf5 Re6) 40. Rxe7+ $1 {[%mdl 576] Decoy} Kxe7 41. Nf5+ {[%mdl 64] Double Attack} Ke6 42. Nxd4+ exd4 {[#]} 43. f4 $1 {Accuracy: White = 100%, Black = 66%.} 1-0

[Event "Chessable Masters by chess24-B"]
[Site "Online"]
[Date "2020.06.19"]
[Round "8.3"]
[White "Radjabov, Teimour"]
[Black "Giri, Anish"]
[Result "1/2-1/2"]
[WhiteElo "2758"]
[BlackElo "2731"]
[Annotator "TA"]
[PlyCount "79"]
[EventDate "2020.06.20"]
[EventType "tourn"]
[SourceTitle "playchess.com"]
[Source "ChessBase"]
[SourceQuality "1"]

{[%evp 20,79,12,8,7,0,22,0,4,6,7,0,8,8,10,10,9,9,9,5,4,6,6,5,5,4,3,3,8,0,0,0,0,0,0,0,0,-4,0,-1,0,0,0,-3,0,0,0,0,0,0,0,0,0,0,0,0,0,0,0,0,0,0]} 1. d4 Nf6 2. c4 e6 3. Nf3 d5 4. Nc3 Bb4 5. Bg5 h6 6. Bxf6 Qxf6 7. e3 O-O 8. Rc1 dxc4 9. Bxc4 c5 10. O-O cxd4 11. Nxd4 {The position is equal.} Bd7 {D38: Queen's Gambit Declined: Ragozin Defence (4 Nf3 Bb4).} 12. Ne4 Qe7 13. a3 (13. Be2 Nc6 14. a3 Nxd4 15. Qxd4 Ba5 16. Qc5 Bd8 17. Bf3 Bc6 18. Rfd1 Bxe4 19. Qxe7 Bxe7 20. Bxe4 Bf6 21. b4 Rad8 22. g3 Bb2 23. Rxd8 Rxd8 24. Rc7 Bxa3 25. Rxb7 {½-½ (40) Radjabov,T (2726)-Giri,A (2790) Shamkir 2016}) 13... Ba5 14. Nf3 Bc6 15. Qc2 Nd7 16. Nd4 Bxe4 17. Qxe4 Nf6 18. Qb1 {[#]} Rfd8 $146 ({Predecessor:} 18... Bb6 19. Nf3 Rfd8 20. g3 Rac8 21. Rc2 a6 22. Rfc1 Rc7 23. Bf1 Rxc2 24. Rxc2 Ne4 {½-½ (48) Castro Salguero,R (2398)-Whaley,M (2384) ICCF email 2018}) 19. Rfd1 Bb6 20. Nf3 Rxd1+ 21. Rxd1 Rd8 22. g3 Rxd1+ 23. Qxd1 Qd8 24. Qd3 (24. Qb3 {is interesting.} Qc7 25. Bf1 a6 26. Qd1 Bc5 27. Qc2) 24... Qxd3 25. Bxd3 $11 {[%mdl 4096] Endgame KBN-KBN} Kf8 26. Nd2 Ke7 27. Ne4 Nd7 28. Kf1 Bc7 29. Nd2 Be5 30. Nc4 Bc7 31. Ke2 Ne5 32. Nxe5 Bxe5 {KB-KB} 33. b3 a5 34. a4 b6 35. Kd1 Bd6 36. Ke2 Bb4 37. Bc4 Bd6 38. Bd3 Bb4 39. Bc4 Bd6 40. Bd3 {A rather calm draw. Accuracy: White = 100%, Black = 100%.} 1/2-1/2

[Event "Chessable Masters by chess24-B"]
[Site "Online"]
[Date "2020.06.19"]
[Round "9.1"]
[White "Ding, Liren"]
[Black "Vachier-Lagrave, Maxime"]
[Result "1-0"]
[WhiteElo "2836"]
[BlackElo "2860"]
[Annotator "TA"]
[PlyCount "65"]
[EventDate "2020.06.20"]
[EventType "tourn"]
[SourceTitle "playchess.com"]
[Source "ChessBase"]
[SourceQuality "1"]

{[%evp 9,65,23,38,43,38,33,25,28,42,31,24,14,34,50,64,0,0,0,0,0,0,0,0,4,0,0,145,75,64,70,69,62,82,85,112,104,258,254,292,291,362,329,367,373,370,372,359,339,373,354,349,304,1061,1042,1027,980,5410,5393]} 1. d4 Nc6 2. Nf3 Nf6 3. d5 Nb8 4. c4 e6 5. g3 {[#]} Bc5 $146 ({Predecessor:} 5... exd5 6. cxd5 Bb4+ 7. Nc3 c6 8. Bd2 cxd5 9. Bg2 Nc6 10. O-O O-O 11. Bg5 h6 12. Bxf6 Qxf6 13. Nxd5 Qxb2 {1-0 (33) Tot,B-Popovic,Z Novi Sad 1945}) 6. Bg2 {A40: Unusual replies to 1 d4.} O-O 7. Nc3 exd5 8. cxd5 {White has an edge.} d6 9. O-O Re8 10. b3 Bg4 11. Bb2 Nbd7 12. Nd4 (12. Na4 $14) 12... Bxd4 $11 13. Qxd4 Bxe2 14. Rfe1 Bh5 15. h3 Bg6 16. g4 Rxe1+ 17. Rxe1 Ne5 (17... h6 $11 {remains equal.}) 18. Re3 ({Better is} 18. f4 $1 {[%cal Rf4e5]} Nd3 {[%mdl 64] Double Attack} 19. Re2) 18... c5 $16 19. dxc6 Nxc6 20. Qd2 h5 21. g5 $36 {[%mdl 3072] White has strong compensation. Keeping Black busy.} Nh7 22. h4 Nf8 $2 {Black cannot hold the game after this.} (22... Qa5 $16) 23. Nd5 $1 $18 Ne6 24. Bh3 $1 Ne5 {[#]} 25. f4 $1 {[%cal Rf4e5]} Ng4 {[#]} 26. Bxg4 $1 hxg4 27. Qc3 {Black must now prevent Rxe6!} Qf8 28. Re2 g3 29. Qxg3 {Strongly threatening h5!} Rc8 {[#]} 30. h5 $1 {[%mdl 512]} Rc2 $2 (30... Rc5 31. hxg6 Rxd5) (30... Bxh5 31. Rh2) 31. Rxc2 {White is clearly winning.} Bxc2 32. h6 Qd8 33. hxg7 {Accuracy: White = 89%, Black = 59%.} 1-0

[Event "Chessable Masters by chess24-B"]
[Site "Online"]
[Date "2020.06.19"]
[Round "9.2"]
[White "Nepomniachtchi, Ian"]
[Black "Giri, Anish"]
[Result "1/2-1/2"]
[WhiteElo "2778"]
[BlackElo "2731"]
[Annotator "TA"]
[PlyCount "60"]
[EventDate "2020.06.20"]
[EventType "tourn"]
[SourceTitle "playchess.com"]
[Source "ChessBase"]
[SourceQuality "1"]

{[%evp 9,60,22,22,16,22,4,16,12,32,29,35,32,29,39,31,29,37,0,33,27,45,-41,-24,-187,-172,-141,-163,-137,-162,-328,-329,-367,-217,-203,-183,-179,-176,-137,-180,-337,0,0,0,0,0,-5397,0,0,0,-5181,0,0,0]} 1. e4 e5 2. Nf3 Nc6 3. Bb5 Nf6 4. d3 Bc5 5. Bxc6 dxc6 6. Nbd2 {C65: Ruy Lopez: Berlin Defence (3...Nf6), unusual lines and 4 0-0 Bc5.} Nd7 {6...Be6 is a critical line. Played by Wesley So in May 2020.} 7. Qe2 f6 {[#]} 8. Nh4 $146 ({Predecessor:} 8. Nc4 Nb6 9. Ne3 Be6 10. b3 a5 11. a4 Bb4+ 12. Bd2 Bxd2+ 13. Nxd2 Qd4 14. O-O {½-½ (47) Caruana,F (2822)-Aronian,L (2772) Bucharest 2019}) 8... Nf8 {[#]} 9. f4 $1 {[%mdl 512]} Ng6 (9... exf4 10. Qh5+) 10. Qh5 O-O 11. Nxg6 hxg6 12. Qxg6 exf4 13. Nb3 Bb4+ 14. Bd2 Bxd2+ 15. Kxd2 (15. Nxd2 $14 Be6 16. a3) 15... a5 $15 {[%cal Ba7a5,Ba5a4][%mdl 32] aiming for ...a4.} 16. Raf1 $2 (16. c3 $11) 16... a4 $1 $19 {[%cal Ra4b3]} 17. Nc1 Ra5 18. h4 Qd4 {Hoping for ...Qe3+.} 19. c3 $2 (19. Ne2 Qxb2 20. Nxf4) 19... Qb6 20. Kc2 Rb5 (20... Be6 $142 21. c4 a3) 21. b3 axb3+ 22. axb3 Be6 {[%cal Rb5b3] Threatens to win with ...Rxb3.} 23. c4 Ra5 $1 24. Rxf4 $2 (24. e5 {was the only chance.}) 24... Rfa8 $2 (24... Qb4 $19 25. Rd1 Ra1) 25. Rxf6 $1 $11 Ra2+ 26. Nxa2 Rxa2+ 27. Kc1 $2 {[%mdl 8192] [#]} (27. Kc3 $11 c5 28. Qe8+ {[%mdl 64] Double Attack} Kh7 29. Qh5+ Kg8 30. Qe8+ {[%mdl 64] Double Attack} Kh7 31. Qh5+ Kg8 32. Qe8+ {[%mdl 64] Double Attack}) 27... Ra1+ $2 (27... Qe3+ $1 $19 28. Kb1 Ra8) 28. Kc2 Ra2+ 29. Kc1 $2 {[%mdl 8192] [#]} (29. Kc3 $11 c5 30. Qe8+ {[%mdl 64] Double Attack} Kh7 31. Qg6+ Kg8 32. Qe8+ {[%mdl 64] Double Attack} Kh7 33. Qh5+ Kg8 34. Qe8+ {[%mdl 64] Double Attack}) 29... Ra1+ $2 ({Black should try} 29... Qe3+ $1 $19 30. Kb1 Ra8) 30. Kc2 Ra2+ {Accuracy: White = 52%, Black = 71%.} 1/2-1/2

[Event "Chessable Masters by chess24-B"]
[Site "Online"]
[Date "2020.06.19"]
[Round "9.3"]
[White "Caruana, Fabiano"]
[Black "Radjabov, Teimour"]
[Result "1/2-1/2"]
[WhiteElo "2773"]
[BlackElo "2758"]
[Annotator "TA"]
[PlyCount "106"]
[EventDate "2020.06.20"]
[EventType "tourn"]
[SourceTitle "playchess.com"]
[Source "ChessBase"]
[SourceQuality "1"]

{[%evp 10,106,47,29,21,33,29,0,29,17,18,13,18,32,47,44,50,40,75,67,66,58,68,43,30,27,27,14,20,33,29,14,14,9,19,7,7,8,0,-35,-53,-38,0,-20,-14,-5,10,0,0,0,0,0,0,0,58,14,20,0,0,0,64,35,137,-1,0,-8,0,0,0,0,190,187,162,160,175,22,22,-925,-901,-1652,-1585,-29974,-29975,-29975,-29976,-29975,0,0,0,0,0,0,0,0,0,0,0,-45,0]} 1. d4 Nf6 2. c4 g6 3. Nc3 Bg7 4. e4 d6 5. h3 O-O 6. Nge2 a6 {6...c6 is becoming the main line. E71: King's Indian: 4 e4 d6 5 h3.} 7. Ng3 c6 {[#]} 8. Bd3 $146 ({Predecessor:} 8. Be3 b5 9. c5 dxc5 10. dxc5 Qxd1+ 11. Rxd1 Nfd7 12. Rc1 a5 13. Be2 Na6 14. Nd1 {½-½ (21) Romero Holmes,A (2438)-Alonso Garcia,R (2358) San Sebastian 2017}) 8... Nbd7 {The position is equal.} 9. O-O b5 10. Be3 e5 11. d5 cxd5 12. cxd5 Nc5 13. Bc2 Ne8 14. b4 Nd7 15. a4 bxa4 $1 16. Bxa4 Rb8 17. b5 Nc5 18. bxa6 Bxa6 19. Re1 Nxa4 20. Rxa4 Bc8 21. Ra7 f5 22. exf5 gxf5 {aiming for ...f4.} 23. Nh5 Bh8 24. Qf3 f4 $1 25. Bd2 ({Avoid the trap} 25. Qe4 $2 Bf5 $19) 25... Qg5 26. Ng3 Qg6 27. Nge4 Ng7 28. Rea1 h5 29. Kh2 Nf5 30. Qd3 Bg7 31. Rg1 h4 (31... Nd4 $11) 32. Ne2 Rb7 33. Ra8 Rbf7 34. Bb4 Qh6 (34... Ng3 $1 $11 35. fxg3 hxg3+ 36. Kh1 Bf5 37. Rxf8+ Bxf8) 35. Rc1 Bd7 (35... Bb7 $14 36. Ra5 Rd8) 36. Ra6 (36. Rca1 $1 $16) 36... f3 37. Bd2 $132 {[%mdl 2048] White has counterplay} Qh5 38. gxf3 Ng3 $1 39. Ng1 $1 {[#]} Rxf3 $2 (39... Bb5 $1 $11 {[%mdl 512] and Black is okay.} 40. Qxb5 Nxe4) 40. Nxf3 $18 Rxf3 41. Ra8+ Bf8 42. Bh6 $2 (42. fxg3 $18 Rxd3 43. Nf6+ {[%mdl 64] Double Attack} Kf7 44. Nxh5 Rxd2+ 45. Kg1 Bxh3 46. Rc7+ (46. gxh4 Bh6 $11) 46... Be7 47. Raa7) 42... Nxe4 $1 $11 43. Rg1+ $2 {[%mdl 8192] [#]} (43. Rxf8+ $11 Rxf8 44. Rg1+ Kf7 45. Bxf8) 43... Kh7 $1 $19 44. Qxe4+ Bf5 (44... Kxh6 $2 45. Rg6+ Qxg6 46. Qxf3 $19) 45. Bxf8 Rxh3+ 46. Kg2 Bxe4+ 47. Kxh3 {[#]} Qf5+ $2 (47... Qf3+ $1 {mates} 48. Kxh4 Qxf2+ {[%mdl 64] Double Attack} 49. Rg3 Qh2+ 50. Kg5 Qxg3+ 51. Kf6 Bxd5 52. Ra7+ Kh8 53. Rg7 Qf2+ 54. Ke7 e4 55. Rg4 Qf7+ 56. Kxd6 Bb7 57. Bh6 Qf6+ 58. Kc7 Qc6+ 59. Kd8 Qxh6 60. Rg2 e3 61. Rg1 e2 62. Kd7 Qc6+ 63. Kd8 Qb6+ 64. Kd7 Qxg1 65. Kc7 e1=Q 66. Kb8 Qe6 67. Kc7 Qc8+ 68. Kd6 Qgc5#) 48. Rg4 $11 {And now Ra7+ would win.} Qf3+ 49. Kxh4 Qxf2+ 50. Kg5 $1 {Strongly threatening Rh4+.} Qf5+ 51. Kh4 Qf2+ 52. Kg5 $1 {Hoping for Rh4+.} Qf5+ 53. Kh4 {Threatens to win with Ra7+.} Qf2+ {Black had all chances to win. Accuracy: White = 61%, Black = 78%.} ({But not} 53... Bxd5 54. Ra7+ Kh8 55. Bg7+ Kg8 56. Bxe5+ Qxg4+ 57. Kxg4 $11) 1/2-1/2

[Event "Chessable Masters by chess24-B"]
[Site "Online"]
[Date "2020.06.19"]
[Round "10.1"]
[White "Radjabov, Teimour"]
[Black "Ding, Liren"]
[Result "1/2-1/2"]
[WhiteElo "2758"]
[BlackElo "2836"]
[Annotator "TA"]
[PlyCount "116"]
[EventDate "2020.06.20"]
[EventType "tourn"]
[SourceTitle "playchess.com"]
[Source "ChessBase"]
[SourceQuality "1"]

{[%evp 15,116,0,14,11,16,0,7,0,0,0,6,0,-7,-20,-29,-26,-29,-23,-28,-28,-16,-15,-21,-29,-14,-10,-8,-11,-15,-32,-18,-85,0,-67,0,0,0,0,7,0,34,36,35,-22,-15,-35,-18,-17,-10,-68,-32,-21,-21,-14,-27,-37,-31,-104,-71,-66,-39,-61,-86,-102,-102,-86,0,-84,0,0,0,0,0,-50,0,-7,0,-20,-10,-170,0,-260,-190,-193,-31,-75,-13,-25,0,0,0,0,0,0,0,0,0,0,0,0,0,0,0]} 1. Nf3 d5 2. b3 Bf5 3. Bb2 e6 4. g3 Nf6 5. Bg2 Be7 6. O-O O-O 7. d3 h6 {The main line 7...h6 scores better than 7...c5.} 8. Nbd2 Bh7 9. Re1 {A07: Réti Opening: New York and Capablanca Systems.} a5 10. a3 Nbd7 11. e4 c6 12. Qe2 Qb6 13. e5 Ne8 $1 14. h4 {[#]} a4 $146 ({Predecessor:} 14... c5 15. a4 Nc7 16. Nf1 Qa6 17. g4 c4 18. dxc4 dxc4 19. bxc4 Rac8 20. g5 h5 {½-½ (59) Kuzubov,Y (2624)-Vishnu,P (2369) Chennai 2011}) 15. b4 c5 16. Bc3 Nc7 {[%cal Rc5b4]} 17. bxc5 Bxc5 18. d4 Be7 19. Reb1 Qc6 20. Bb4 Bxb4 21. Rxb4 b5 22. Rc1 Rfb8 23. Qe3 (23. Ne1 $11) 23... Na6 ({Black should try} 23... Nb6 $1 $17) 24. Rbb1 (24. Rb2 $1 $11) 24... b4 (24... Nb6 $15) 25. Bf1 $11 Ra7 ({Much weaker is} 25... Bxc2 26. Ne1 $16 (26. Bxa6 Rxa6 27. Rxb4 Qc8 $11)) 26. Ne1 Qa8 27. Ra1 Nc7 28. axb4 Rxb4 29. Ra3 ({White should play} 29. Ra2 $14) 29... Nb5 30. Bxb5 Rxb5 31. Rca1 Nb6 32. Nd3 (32. Qc3 $11) 32... Nc4 33. Nxc4 dxc4 34. Ne1 Be4 35. f3 Bc6 36. Ng2 (36. Qc3 $15) 36... Rb2 37. Qc3 Rab7 38. Ne3 Rb1+ ({Much worse is} 38... Bxf3 $6 39. Rxa4 Qd8 40. Rxc4 $16) 39. Kf2 Rxa1 $1 40. Qxa1 Qa6 ({Better is} 40... Qb8 $1 $17 41. Nxc4 Rb1) 41. Qc3 (41. Nf1 $11) 41... Bd5 (41... Rb1 $17) 42. Qa1 $36 {[%mdl 2048] White has good play.} Ra7 43. Nxd5 exd5 {[%mdl 4096] Endgame KQR-KQR} 44. Qb1 Ra8 (44... Rb7 $5 {[%cal Rb7b1]} 45. Qc1 Rb4 $15) 45. c3 h5 46. Qb4 Qg6 47. Qb2 $2 {[#]} (47. Ra2 $11) 47... Qd3 $2 (47... Ra6 $1 $19 {[%cal Ra6b6] And now ...Rb6 would win.} 48. Qa2 Rb6 49. Rxa4 Rb1) 48. Qe2 $2 {[%mdl 8192]} (48. Ra2 $11 {and White is okay.}) 48... Qf5 49. Kg2 {[#]} g6 $2 (49... Ra6 $1 $19 {Strongly threatening ...Qb1.} 50. Ra1 a3) 50. Qb2 Kg7 (50... g5 $17 {aiming for ...gxh4.} 51. hxg5 Qxg5) 51. Ra2 a3 (51... Qd7 {is interesting.} 52. Qb4 Ra7 53. Qb2 Qc7 54. Kf2 Qa5) 52. Rxa3 {The position is equal.} Rxa3 53. Qxa3 {KQ-KQ} Qc2+ 54. Kf1 Qd1+ 55. Kf2 Qd2+ 56. Kf1 Qd1+ 57. Kf2 Qd2+ 58. Kf1 Qd1+ {Accuracy: White = 74%, Black = 67%.} 1/2-1/2